000
00236nam a2200097Ia 4500
001
767700
005
20250826165405.0
008
250824s9999 xx 000 0 und d
245
0
_a
seçilmiş şiirler
_c
yunus emre
260
_b
kültür a.ş
999
_c
767700
_d
767700